| 000 | 00484nam a22001817a 4500 | ||
|---|---|---|---|
| 003 | CEME | ||
| 005 | 20210628202123.0 | ||
| 008 | 210113b xxu||||| |||| 00| 0 eng d | ||
| 020 | _a8189757121 | ||
| 040 | _c. | ||
| 082 | _a004.165 VEN | ||
| 100 |
_aVenkatesh, Sampath K _958350 |
||
| 245 | _a8051 microcontroller and embedded systems | ||
| 260 |
_aINDIA _bS.K.KATARIA _c2014 |
||
| 300 | _aXIII, 493P | ||
| 650 |
_a8051 MICROCONTROLLER.EMBEDDED SYSTEMS _958351 |
||
| 942 |
_cBK _2ddc |
||
| 999 |
_c568544 _d568544 |
||